Most Popular Fast Food Restaurants - No Hints - Statistics

General Stats
  • This quiz has been taken 56 times
  • The average score is 21 of 50
Answer Stats
# Restaurant % Correct
1 McDonalds
98%
4 Burger King
94%
6 Wendy's
87%
13 KFC
79%
3 Subway
79%
5 Taco Bell
79%
10 Pizza Hut
77%
2 Starbucks
77%
9 Domino's
74%
8 Chick-fil-A
66%
7 Dunkin' Donuts
66%
16 Arby's
62%
43 In-N-Out
62%
12 Chipotle
60%
20 Papa John's
57%
14 Sonic
55%
26 Carl's Jr.
53%
23 Hardee's
53%
19 Popeyes
51%
24 Jimmy John's
47%
17 Little Caesars
47%
15 Dairy Queen
45%
21 Panda Express
45%
27 Five Guys
38%
49 White Castle
38%
18 Jack in the Box
36%
11 Panera
34%
31 Jersey Mike's
32%
28 Culver's
30%
22 Whataburger
28%
25 Zaxby's
28%
45 Baskin-Robbins
26%
37 Church's Chicken
26%
38 Del Taco
26%
39 Tim Hortons
23%
33 Checkers/Rally's
21%
41 Firehouse Subs
19%
48 Marco's Pizza
17%
36 Qdoba
17%
40 Moe's Southwest Grill
15%
35 Papa Murphy's
15%
32 Steak 'n Shake
15%
30 Wingstop
15%
47 Auntie Anne's
13%
34 El Pollo Loco
13%
29 Bojangles'
11%
46 Boston Market
6%
50 Noodles & Company
6%
42 McAlister's Deli
4%
44 Jason's Deli
2%
No matching quizzes found
Score Distribution
Percent of People with Each Score
Percentile by Number Answered
Your Score History
You have not taken this quiz